| 000 | 00392cam a22001217a 4500 | ||
|---|---|---|---|
| 008 | 180718b1955 xxu||||| |||| 00| 0 eng d | ||
| 082 | _aKI00x94 W932 | ||
| 100 | _aWright, Mr. H. J. | ||
| 245 |
_aPublic personnel managrment in Australia _cby Mr. H. J. Wright |
||
| 260 |
_aAustralia _bIndian Institute of Public Administration _c1955 |
||
| 300 | _a15p. | ||
| 650 | _aPublic Managrment - Australia | ||
| 999 |
_c502005 _d502005 |
||